Richard Scarry's the wolf and the seven kids. (Record no. 2082)

MARC details
000 -LEADER
fixed length control field 01247nam a2200337 a 4500
001 - CONTROL NUMBER
control field 2082
003 - CONTROL NUMBER IDENTIFIER
control field FISKH
005 - DATE AND TIME OF LATEST TRANSACTION
control field 20231106092831.0
008 - FIXED-LENGTH DATA ELEMENTS--GENERAL INFORMATION
fixed length control field 930601s1994 wiua j 000 0 eng
010 ## - LIBRARY OF CONGRESS CONTROL NUMBER
LC control number 93078490
020 ## - INTERNATIONAL STANDARD BOOK NUMBER
International Standard Book Number 0307302059
020 ## - INTERNATIONAL STANDARD BOOK NUMBER
International Standard Book Number 033500001291
040 ## - CATALOGING SOURCE
Original cataloging agency DLC
Transcribing agency DLC
Language of cataloging eng
042 ## - AUTHENTICATION CODE
Authentication code lcac
050 00 - LIBRARY OF CONGRESS CALL NUMBER
Classification number PZ8.S275
Item number Rt 1994
082 00 - DEWEY DECIMAL CLASSIFICATION NUMBER
Classification number 398.2/0943/045297358
Edition number 20
100 1# - MAIN ENTRY--PERSONAL NAME
Personal name Scarry, Richard.
240 10 - UNIFORM TITLE
Uniform title Wolf and the seven kids
245 10 - TITLE STATEMENT
Title Richard Scarry's the wolf and the seven kids.
260 ## - PUBLICATION, DISTRIBUTION, ETC.
Place of publication, distribution, etc. New York :
Name of publisher, distributor, etc. Golden Book,
Date of publication, distribution, etc. 1994.
300 ## - PHYSICAL DESCRIPTION
Extent 24 unnumbered pages :
Other physical details color illustrations ;
Dimensions 16 cm
490 0# - SERIES STATEMENT
Series statement A first little golden book
505 ## - FORMATTED CONTENTS NOTE
Formatted contents note F<br/>
520 ## - SUMMARY, ETC.
Summary, etc. It is a story similar to the three little pigs however it is seven baby goats who are left all alone in their home and the wolf tries to trick the kids into letting him in, in order to eat them. This story teaches kids (not the goats) a lesson of "stranger danger" and to not trust people who you do not know.
521 8# - TARGET AUDIENCE NOTE
Target audience note 300<br/>
Source Lexile estimate <br/><br/>
521 8# - TARGET AUDIENCE NOTE
Target audience note F<br/>
Source Raz-Plus<br/>
650 #1 - SUBJECT ADDED ENTRY--TOPICAL TERM
Topical term or geographic name entry element Fairy tales.
650 #1 - SUBJECT ADDED ENTRY--TOPICAL TERM
Topical term or geographic name entry element Folklore
Geographic subdivision Germany.
906 ## - LOCAL DATA ELEMENT F, LDF (RLIN)
a 7
b cbc
c orignew
d 2
e opcn
f 19
g y-gencatlg
942 ## - ADDED ENTRY ELEMENTS (KOHA)
Source of classification or shelving scheme Dewey Decimal Classification
Koha item type Books
Suppress in OPAC No
Holdings
Withdrawn status Lost status Source of classification or shelving scheme Damaged status Not for loan Collection Home library Current library Shelving location Date acquired Total Checkouts Full call number Barcode Date last seen Price effective from Koha item type
    Dewey Decimal Classification     Non-Fiction Footprints International School Library Network Toul Kork Campus Footprints International School Library Network Toul Kork Campus TK Primary Library Room(4th Floor), Bookcase 7, Shelves 57-60, Dark Green Books 11/03/2023   SCA 398.2 PZ8.S275 FISBK07141 11/03/2023 11/03/2023 Books